[Event "30th Klatovy A 2024"]
[Site "Klatovy CZE"]
[Date "2024.06.29"]
[Round "1.9"]
[White "Velickov, Dominik"]
[Black "Janous, Marek"]
[Result "1/2-1/2"]
[WhiteElo "1885"]
[BlackElo "2129"]
[PlyCount "140"]
[EventDate "2024.06.29"]
[EventType "swiss"]
[EventRounds "9"]
[EventCountry "CZE"]

1. e4 {[%emt 0:00:34]} c5 {[%emt 0:00:11]} 2. Nf3 {[%emt 0:01:24]} Nc6 {[%emt 0:00:04]} 3. d4 {[%emt 0:00:23]} cxd4 {[%emt 0:00:01]} 4. Nxd4 {[%emt 0:00:05]} Nf6 {[%emt 0:00:06]} 5. Nc3 {[%emt 0:00:04]} e6 {[%emt 0:02:29]} 6. Ndb5 {[%emt 0:00:16]} Bb4 {[%emt 0:00:52]} 7. a3 {[%emt 0:00:10]} Bxc3+ {[%emt 0:00:05]} 8. Nxc3 {[%emt 0:00:04]} d5 {[%emt 0:00:34]} 9. Bd3 {[%emt 0:03:33]} d4 {[%emt 0:17:09]} 10. Ne2 {[%emt 0:00:55]} e5 {[%emt 0:00:39]} 11. O-O {[%emt 0:00:45]} O-O {[%emt 0:02:58]} 12. f4 {[%emt 0:16:12]} exf4 {[%emt 0:01:00]} 13. Bxf4 {[%emt 0:04:30]} Qb6 {[%emt 0:06:55]} 14. Qd2 {[%emt 0:13:54]} Re8 {[%emt 0:03:08]} 15. Ng3 {[%emt 0:00:41]} Qxb2 {[%emt 0:14:25]} 16. Rfb1 {[%emt 0:00:37]} Qc3 {[%emt 0:00:06]} 17. Qxc3 {[%emt 0:00:11]} dxc3 {[%emt 0:00:04]} 18. Rb3 {[%emt 0:01:03]} Nd4 {[%emt 0:01:03]} 19. Rxc3 {[%emt 0:05:47]} Ne6 {[%emt 0:11:27]} 20. Bd6 {[%emt 0:16:18]} Nd4 {[%emt 0:18:32]} 21. Bc5 {[%emt 0:11:48]} Nc6 {[%emt 0:00:47]} 22. Rb1 {[%emt 0:01:58]} g6 {[%emt 0:07:27]} 23. a4 {[%emt 0:09:00]} Nd7 {[%emt 0:04:52]} 24. Bb5 {[%emt 0:01:38]} Nde5 {[%emt 0:00:35]} 25. Bd6 {[%emt 0:08:09]} Bd7 {[%emt 0:09:27]} 26. Rd1 {[%emt 0:06:32]} Rec8 {[%emt 0:06:22]} 27. Rc5 {[%emt 0:15:32]} b6 {[%emt 0:02:47]} 28. Rxe5 {[%emt 0:03:50]} Nxe5 {[%emt 0:00:10]} 29. Bxe5 {[%emt 0:00:06]} Bxb5 {[%emt 0:00:04]} 30. axb5 {[%emt 0:00:07]} Rxc2 {[%emt 0:00:20]} 31. Bf6 {[%emt 0:04:20]} Rac8 {[%emt 0:07:43]} 32. Rd7 {[%emt 0:03:10]} R2c7 {[%emt 0:00:06]} 33. Rd5 {[%emt 0:00:46]} h6 {[%emt 0:09:38]} 34. Ne2 {[%emt 0:00:47]} Kf8 {[%emt 0:01:31]} 35. Nd4 {[%emt 0:01:54]} Re8 {[%emt 0:00:24]} 36. Nc6 {[%emt 0:01:47]} a6 {[%emt 0:00:29]} 37. Be5 {[%emt 0:01:02]} Rcc8 {[%emt 0:00:10]} 38. Bd6+ {[%emt 0:00:50]} Kg7 {[%emt 0:00:06]} 39. Ne7 {[%emt 0:00:40]} Rc1+ {[%emt 0:01:35]} 40. Kf2 {[%emt 0:00:04]} axb5 {[%emt 0:00:55]} 41. Rxb5 {[%emt 0:00:24]} Ra8 {[%emt 0:00:58]} 42. Nd5 {[%emt 0:00:34]} Ra2+ {[%emt 0:00:28]} 43. Kf3 {[%emt 0:00:01]} Rc6 {[%emt 0:00:40]} 44. Rxb6 {[%emt 0:00:21]} Rxb6 {[%emt 0:00:05]} 45. Nxb6 {[%emt 0:00:07]} Ra6 {[%emt 0:00:03]} 46. Bc5 {[%emt 0:00:21]} g5 {[%emt 0:00:34]} 47. Nd5 {[%emt 0:00:12]} Ra2 {[%emt 0:00:31]} 48. Ne3 {[%emt 0:00:20]} Kg6 {[%emt 0:00:13]} 49. g4 {[%emt 0:00:37]} Rxh2 {[%emt 0:00:25]} 50. Bd6 {[%emt 0:00:20]} Rd2 {[%emt 0:00:18]} 51. Be5 {[%emt 0:00:16]} Ra2 {[%emt 0:00:30]} 52. Bd6 {[%emt 0:00:08]} Ra4 {[%emt 0:00:36]} 53. Be7 {[%emt 0:00:17]} Ra7 {[%emt 0:00:28]} 54. Bc5 {[%emt 0:00:09]} Rc7 {[%emt 0:00:25]} 55. Bd4 {[%emt 0:01:07]} Rd7 56. Be5 Rd3 {[%emt 0:00:06]} 57. Bc7 {[%emt 0:00:13]} h5 {[%emt 0:00:05]} 58. gxh5+ {[%emt 0:00:04]} Kxh5 {[%emt 0:00:05]} 59. Bg3 {[%emt 0:00:37]} Rb3 {[%emt 0:00:45]} 60. Bf2 {[%emt 0:00:23]} Ra3 {[%emt 0:01:38]} 61. Bg3 {[%emt 0:00:17]} Ra6 {[%emt 0:00:24]} 62. Be5 {[%emt 0:01:04]} Kh4 {[%emt 0:01:21]} 63. Bg3+ {[%emt 0:00:54]} Kh3 {[%emt 0:00:08]} 64. Bf2 {[%emt 0:00:29]} Ra3 {[%emt 0:01:10]} 65. Be1 {[%emt 0:00:20]} Rb3 {[%emt 0:00:27]} 66. Bf2 {[%emt 0:00:08]} Ra3 {[%emt 0:00:34]} 67. Be1 {[%emt 0:00:04]} Ra1 {[%emt 0:00:36]} 68. Bf2 {[%emt 0:00:13]} Ra6 {[%emt 0:00:23]} 69. Ng4 {[%emt 0:00:33]} Ra3+ {[%emt 0:00:42]} 70. Be3 {[%emt 0:00:08]} Kh4 {[%emt 0:00:20]} 1/2-1/2

[Event "30th Klatovy A 2024"]
[Site "Klatovy CZE"]
[Date "2024.06.29"]
[Round "1.10"]
[White "Soural, Jan"]
[Black "Vana, Jan 2010"]
[Result "1-0"]
[WhiteElo "2098"]
[BlackElo "1875"]
[PlyCount "173"]
[EventDate "2024.06.29"]
[EventType "swiss"]
[EventRounds "9"]
[EventCountry "CZE"]

1. e4 {[%emt 0:00:04]} c5 {[%emt 0:00:28]} 2. d4 {[%emt 0:00:43]} cxd4 {[%emt 0:00:05]} 3. c3 {[%emt 0:00:03]} Nf6 {[%emt 0:00:44]} 4. e5 {[%emt 0:00:51]} Nd5 {[%emt 0:00:06]} 5. Qxd4 {[%emt 0:02:08]} e6 {[%emt 0:01:03]} 6. Bd3 {[%emt 0:04:40]} Nc6 {[%emt 0:03:45]} 7. Qe4 {[%emt 0:00:09]} Qc7 {[%emt 0:03:20]} 8. Nf3 {[%emt 0:01:04]} Ncb4 {[%emt 0:14:29]} 9. O-O {[%emt 0:08:56]} Nxd3 {[%emt 0:03:08]} 10. Qxd3 {[%emt 0:00:01]} f5 {[%emt 0:06:59]} 11. Nbd2 {[%emt 0:03:37]} g5 {[%emt 0:17:31]} 12. Nc4 {[%emt 0:13:06]} b5 {[%emt 0:14:25]} 13. Nd6+ {[%emt 0:18:19]} Bxd6 {[%emt 0:01:16]} 14. exd6 {[%emt 0:00:04]} Qxd6 {[%emt 0:03:23]} 15. a4 {[%emt 0:03:42]} g4 {[%emt 0:22:10]} 16. Qd4 {[%emt 0:19:04]} Rg8 {[%emt 0:04:56]} 17. Nh4 {[%emt 0:06:54]} b4 {[%emt 0:07:28]} 18. Re1 {[%emt 0:24:30]} Kf7 {[%emt 0:03:50]} 19. c4 {[%emt 0:02:47]} Qb6 {[%emt 0:01:12]} 20. Nxf5 {[%emt 0:01:37]} Qxd4 {[%emt 0:00:29]} 21. Nxd4 {[%emt 0:00:01]} Nf6 {[%emt 0:02:37]} 22. Nb5 {[%emt 0:03:16]} Kg6 {[%emt 0:04:23]} 23. Nd6 {[%emt 0:01:05]} Ba6 {[%emt 0:03:30]} 24. Bd2 {[%emt 0:04:06]} Rgb8 {[%emt 0:10:03]} 25. b3 {[%emt 0:00:35]} Bb7 {[%emt 0:00:21]} 26. Nb5 {[%emt 0:04:42]} Rc8 {[%emt 0:01:11]} 27. Bxb4 {[%emt 0:01:21]} Be4 {[%emt 0:00:33]} 28. Bc3 {[%emt 0:05:16]} Bc2 {[%emt 0:00:19]} 29. Nd4 {[%emt 0:00:30]} Bf5 {[%emt 0:00:37]} 30. Nxf5 {[%emt 0:00:12]} Kxf5 {[%emt 0:00:36]} 31. Rad1 {[%emt 0:01:10]} Rab8 {[%emt 0:00:24]} 32. Re5+ {[%emt 0:00:23]} Kg6 {[%emt 0:00:09]} 33. Rb5 {[%emt 0:00:57]} a6 {[%emt 0:00:48]} 34. Rxb8 {[%emt 0:00:18]} Rxb8 35. b4 {[%emt 0:00:18]} Rc8 {[%emt 0:01:02]} 36. Bxf6 {[%emt 0:00:20]} Kxf6 {[%emt 0:00:01]} 37. Rc1 {[%emt 0:00:30]} Ke5 {[%emt 0:00:40]} 38. b5 {[%emt 0:01:11]} axb5 {[%emt 0:00:39]} 39. Re1+ {[%emt 0:00:04]} Kd6 {[%emt 0:00:45]} 40. cxb5 {[%emt 0:00:04]} Rc4 {[%emt 0:00:23]} 41. Ra1 {[%emt 0:00:23]} Rb4 {[%emt 0:00:09]} 42. Kf1 {[%emt 0:01:01]} Rb2 {[%emt 0:00:22]} 43. Ke1 {[%emt 0:00:42]} Kc5 {[%emt 0:00:42]} 44. Rc1+ {[%emt 0:00:47]} Kb4 {[%emt 0:00:48]} 45. Rc7 {[%emt 0:00:33]} Kxa4 {[%emt 0:00:32]} 46. Rxd7 {[%emt 0:00:10]} h5 {[%emt 0:00:34]} 47. Ra7+ {[%emt 0:00:38]} Kb4 {[%emt 0:00:05]} 48. Rh7 {[%emt 0:00:03]} Kc4 {[%emt 0:00:53]} 49. Rc7+ {[%emt 0:01:27]} Kd3 {[%emt 0:00:27]} 50. Rd7+ {[%emt 0:00:01]} Kc4 {[%emt 0:00:35]} 51. Rd6 {[%emt 0:00:19]} Rxb5 {[%emt 0:00:31]} 52. Rxe6 {[%emt 0:00:05]} Rf5 {[%emt 0:00:14]} 53. Rd6 {[%emt 0:00:35]} Kc3 {[%emt 0:00:40]} 54. Ke2 {[%emt 0:00:27]} Re5+ {[%emt 0:00:04]} 55. Kf1 {[%emt 0:00:04]} Rf5 {[%emt 0:00:34]} 56. g3 {[%emt 0:00:21]} Kc4 {[%emt 0:00:27]} 57. Kg2 {[%emt 0:00:37]} Kc5 {[%emt 0:00:30]} 58. Rd2 {[%emt 0:00:17]} Rf8 {[%emt 0:01:02]} 59. h3 {[%emt 0:00:38]} Rf7 {[%emt 0:00:33]} 60. hxg4 {[%emt 0:01:48]} hxg4 {[%emt 0:00:03]} 61. Kf1 {[%emt 0:00:05]} Rf8 {[%emt 0:00:57]} 62. Rd7 {[%emt 0:00:30]} Ra8 {[%emt 0:00:25]} 63. Ke2 {[%emt 0:00:24]} Ra4 {[%emt 0:00:34]} 64. Ke3 {[%emt 0:00:25]} Rb4 {[%emt 0:00:27]} 65. Rf7 {[%emt 0:00:28]} Rb3+ {[%emt 0:00:31]} 66. Ke4 {[%emt 0:00:43]} Rb8 {[%emt 0:00:31]} 67. Rg7 {[%emt 0:01:09]} Rb2 {[%emt 0:00:16]} 68. Ke3 {[%emt 0:00:22]} Rb4 {[%emt 0:00:05]} 69. Rd7 {[%emt 0:00:27]} Ra4 {[%emt 0:00:19]} 70. Rf7 {[%emt 0:00:35]} Ra3+ {[%emt 0:00:10]} 71. Ke4 {[%emt 0:00:04]} Ra8 {[%emt 0:00:11]} 72. Rf5+ {[%emt 0:01:03]} Kd6 {[%emt 0:01:14]} 73. Rf4 {[%emt 0:00:26]} Rg8 {[%emt 0:00:32]} 74. Kf5 {[%emt 0:00:06]} Kd5 {[%emt 0:00:11]} 75. Kf6 {[%emt 0:00:36]} Rf8+ {[%emt 0:00:59]} 76. Kg5 {[%emt 0:00:11]} Rg8+ {[%emt 0:00:08]} 77. Kh4 {[%emt 0:00:30]} Ke5 {[%emt 0:00:21]} 78. Kh5 {[%emt 0:00:29]} Rg7 {[%emt 0:01:29]} 79. Rxg4 {[%emt 0:00:19]} Rf7 {[%emt 0:00:13]} 80. f4+ {[%emt 0:00:29]} Kf6 {[%emt 0:00:25]} 81. Rg6+ {[%emt 0:00:19]} Kf5 {[%emt 0:00:09]} 82. Rg5+ {[%emt 0:00:03]} Kf6 {[%emt 0:00:07]} 83. Kg4 {[%emt 0:00:10]} Ra7 {[%emt 0:00:13]} 84. Rb5 {[%emt 0:00:24]} Rg7+ {[%emt 0:00:40]} 85. Kf3 {[%emt 0:00:04]} Ra7 {[%emt 0:00:03]} 86. Rb6+ {[%emt 0:00:07]} Kf5 {[%emt 0:00:34]} 87. g4# {[%emt 0:00:05]} 1-0

[Event "30th Klatovy A 2024"]
[Site "Klatovy CZE"]
[Date "2024.06.29"]
[Round "1.11"]
[White "Roubal, Matyas"]
[Black "Pycha, Patrik"]
[Result "0-1"]
[WhiteElo "1870"]
[BlackElo "2089"]
[PlyCount "108"]
[EventDate "2024.06.29"]
[EventType "swiss"]
[EventRounds "9"]
[EventCountry "CZE"]

1. e4 {[%emt 0:00:01]} e6 {[%emt 0:00:33]} 2. d4 {[%emt 0:00:06]} d5 {[%emt 0:00:06]} 3. Nc3 {[%emt 0:00:36]} Bb4 {[%emt 0:00:31]} 4. Nge2 {[%emt 0:00:05]} dxe4 {[%emt 0:01:30]} 5. a3 {[%emt 0:00:05]} Be7 {[%emt 0:00:24]} 6. Nxe4 {[%emt 0:00:09]} Nf6 {[%emt 0:01:50]} 7. Nxf6+ {[%emt 0:00:40]} Bxf6 {[%emt 0:00:07]} 8. Be3 {[%emt 0:00:42]} Nd7 {[%emt 0:01:24]} 9. c4 {[%emt 0:00:44]} c5 {[%emt 0:04:07]} 10. Qd2 {[%emt 0:01:11]} Nb6 {[%emt 0:12:11]} 11. Rc1 {[%emt 0:02:56]} cxd4 {[%emt 0:00:38]} 12. Bxd4 {[%emt 0:01:42]} O-O {[%emt 0:01:05]} 13. g3 {[%emt 0:02:23]} e5 {[%emt 0:05:54]} 14. Be3 {[%emt 0:03:29]} Qxd2+ {[%emt 0:05:51]} 15. Bxd2 {[%emt 0:00:11]} Be6 {[%emt 0:03:15]} 16. b3 {[%emt 0:02:50]} Nd7 {[%emt 0:04:01]} 17. Nc3 {[%emt 0:02:01]} Nc5 {[%emt 0:01:47]} 18. b4 {[%emt 0:03:33]} Nb3 {[%emt 0:00:43]} 19. Rd1 {[%emt 0:03:01]} Nd4 {[%emt 0:01:39]} 20. Bd3 {[%emt 0:06:41]} Nf3+ {[%emt 0:12:01]} 21. Ke2 {[%emt 0:02:36]} Bg4 {[%emt 0:00:58]} 22. Kf1 {[%emt 0:02:58]} Bh3+ {[%emt 0:05:03]} 23. Ke2 {[%emt 0:00:36]} Bg2 {[%emt 0:07:37]} 24. Rhg1 {[%emt 0:03:32]} Nxg1+ {[%emt 0:02:50]} 25. Rxg1 {[%emt 0:00:17]} e4 {[%emt 0:01:41]} 26. Rxg2 {[%emt 0:03:54]} exd3+ {[%emt 0:00:18]} 27. Kxd3 {[%emt 0:00:04]} Bxc3 {[%emt 0:00:40]} 28. Kxc3 {[%emt 0:01:20]} Rfe8 {[%emt 0:02:51]} 29. Be3 {[%emt 0:00:26]} Rad8 {[%emt 0:03:26]} 30. Rg1 {[%emt 0:00:51]} f6 {[%emt 0:05:45]} 31. Kc2 {[%emt 0:02:41]} Kf7 {[%emt 0:00:36]} 32. Rd1 {[%emt 0:01:22]} Rxd1 {[%emt 0:00:53]} 33. Kxd1 {[%emt 0:00:02]} Ke6 {[%emt 0:00:23]} 34. Bxa7 {[%emt 0:01:16]} Ra8 {[%emt 0:00:19]} 35. Be3 {[%emt 0:00:07]} Rxa3 {[%emt 0:00:19]} 36. b5 {[%emt 0:00:57]} Kf5 {[%emt 0:12:31]} 37. Kc2 {[%emt 0:00:58]} Ke4 {[%emt 0:01:11]} 38. Kb2 {[%emt 0:00:46]} Rd3 {[%emt 0:01:25]} 39. h4 {[%emt 0:00:51]} h5 {[%emt 0:00:58]} 40. Kc2 {[%emt 0:01:11]} g6 {[%emt 0:03:35]} 41. Kb2 {[%emt 0:03:37]} Kf5 {[%emt 0:03:28]} 42. Kc2 {[%emt 0:00:54]} Rd8 {[%emt 0:01:50]} 43. c5 {[%emt 0:05:49]} g5 {[%emt 0:00:24]} 44. f3 {[%emt 0:00:48]} gxh4 {[%emt 0:01:17]} 45. gxh4 {[%emt 0:00:05]} Ke5 {[%emt 0:01:25]} 46. b6 {[%emt 0:03:44]} Kd5 {[%emt 0:00:25]} 47. Kd3 {[%emt 0:00:15]} Rc8 {[%emt 0:00:40]} 48. Bf2 {[%emt 0:01:51]} Re8 {[%emt 0:03:06]} 49. Be3 {[%emt 0:01:14]} Ra8 {[%emt 0:00:55]} 50. f4 {[%emt 0:02:27]} Ra3+ {[%emt 0:00:09]} 51. Kd2 {[%emt 0:02:28]} f5 {[%emt 0:00:29]} 52. Ke2 {[%emt 0:01:56]} Rxe3+ {[%emt 0:00:58]} 53. Kxe3 {[%emt 0:00:02]} Kxc5 {[%emt 0:00:07]} 54. Kd3 {[%emt 0:01:01]} Kd5 {[%emt 0:00:06]} 0-1

[Event "30th Klatovy A 2024"]
[Site "Klatovy CZE"]
[Date "2024.06.29"]
[Round "1.12"]
[White "Polak, Michal 2002"]
[Black "Honcharov, Makar"]
[Result "0-1"]
[WhiteElo "2075"]
[BlackElo "1824"]
[PlyCount "50"]
[EventDate "2024.06.29"]
[EventType "swiss"]
[EventRounds "9"]
[EventCountry "CZE"]

1. e4 {[%emt 0:00:05]} c5 {[%emt 0:00:34]} 2. Nf3 {[%emt 0:00:08]} d6 {[%emt 0:00:15]} 3. d4 {[%emt 0:00:11]} cxd4 {[%emt 0:00:07]} 4. Nxd4 {[%emt 0:00:05]} Nf6 {[%emt 0:00:13]} 5. Nc3 {[%emt 0:00:06]} g6 {[%emt 0:00:43]} 6. Be3 {[%emt 0:02:21]} Bg7 {[%emt 0:00:13]} 7. f3 {[%emt 0:00:17]} Nc6 {[%emt 0:00:24]} 8. Bc4 {[%emt 0:02:32]} Bd7 {[%emt 0:00:07]} 9. Qd2 {[%emt 0:00:42]} O-O {[%emt 0:00:08]} 10. O-O-O {[%emt 0:01:51]} Qb8 {[%emt 0:00:32]} 11. g4 {[%emt 0:08:10]} b5 {[%emt 0:00:13]} 12. Bd5 {[%emt 0:17:45]} Rc8 {[%emt 0:00:53]} 13. g5 {[%emt 0:06:26]} b4 {[%emt 0:03:30]} 14. Nce2 {[%emt 0:11:41]} Nxd5 {[%emt 0:02:15]} 15. Nxc6 {[%emt 0:01:06]} Rxc6 {[%emt 0:01:36]} 16. exd5 {[%emt 0:00:14]} Ra6 {[%emt 0:14:08]} 17. Kb1 {[%emt 0:00:45]} Qb5 {[%emt 0:01:28]} 18. Nc1 {[%emt 0:16:12]} Bf5 {[%emt 0:05:32]} 19. Qf2 {[%emt 0:11:58]} Rc8 {[%emt 0:03:34]} 20. Rd2 {[%emt 0:00:19]} b3 {[%emt 0:02:45]} 21. Nxb3 {[%emt 0:11:44]} Rxa2 {[%emt 0:10:14]} 22. Kxa2 {[%emt 0:00:05]} Qa4+ {[%emt 0:00:04]} 23. Kb1 {[%emt 0:00:03]} Qxb3 {[%emt 0:00:05]} 24. Bd4 {[%emt 0:01:34]} Bxd4 {[%emt 0:00:11]} 25. Qxd4 {[%emt 0:00:44]} Bxc2+ {[%emt 0:00:10]} 0-1

[Event "30th Klatovy A 2024"]
[Site "Klatovy CZE"]
[Date "2024.06.29"]
[Round "1.14"]
[White "Andrle, Filip"]
[Black "Slivova, Linda"]
[Result "1-0"]
[WhiteElo "2036"]
[BlackElo "1842"]
[PlyCount "33"]
[EventDate "2024.06.29"]
[EventType "swiss"]
[EventRounds "9"]
[EventCountry "CZE"]

1. e4 d5 2. exd5 Qxd5 3. Nc3 Qd6 4. Nf3 Nf6 5. d4 c6 6. Ne5 Bf5 7. g4 Bd7 8. Bg2 e6 9. g5 Nd5 10. Qf3 Qe7 11. Ne4 Na6 12. O-O b5 13. a4 b4 14. c4 Nb6 15. c5 Nc8 16. Nd6+ Nxd6 17. Nxc6 1-0

[Event "30th Klatovy A 2024"]
[Site "Klatovy CZE"]
[Date "2024.06.29"]
[Round "1.16"]
[White "Kroulik, Vaclav"]
[Black "Rudlof, Adam"]
[Result "1/2-1/2"]
[WhiteElo "1976"]
[BlackElo "1820"]
[PlyCount "68"]
[EventDate "2024.06.29"]
[EventType "swiss"]
[EventRounds "9"]
[EventCountry "CZE"]

1. c4 e5 2. Nc3 Nf6 3. g3 c6 4. Bg2 d5 5. cxd5 cxd5 6. Qb3 e4 7. d3 exd3 8. exd3 Nc6 9. Nxd5 Nxd5 10. Bxd5 Bb4+ 11. Kf1 Qe7 12. Bg5 Qxg5 13. Bxc6+ bxc6 14. Qxb4 Qd5 15. Qe4+ Be6 16. Ne2 Rd8 17. Nf4 Qxe4 18. dxe4 Bg4 19. Kg2 g5 20. h3 Bc8 21. Nh5 Rd2 22. Rab1 Ke7 23. Rhd1 Rhd8 24. Rxd2 Rxd2 25. g4 Be6 26. b3 Rxa2 27. b4 Ra6 28. Ng3 Rb6 29. Ra1 a6 30. Kf3 Bc8 31. Ra4 Kf6 32. Ke3 Ke5 33. Nf1 Be6 34. Nd2 h6 1/2-1/2

[Event "30th Klatovy A 2024"]
[Site "Klatovy CZE"]
[Date "2024.06.29"]
[Round "1.17"]
[White "Roubik, Vit"]
[Black "Pecka, Jan"]
[Result "0-1"]
[WhiteElo "1813"]
[BlackElo "1970"]
[PlyCount "69"]
[EventDate "2024.06.29"]
[EventType "swiss"]
[EventRounds "9"]
[EventCountry "CZE"]

1. d4 Nf6 2. c4 e6 3. g3 c5 4. d5 exd5 5. cxd5 d6 6. Nc3 g6 7. Bg2 Bg7 8. e4 O-O 9. Nf3 Bg4 10. O-O Re8 11. h3 Bxf3 12. Bxf3 Nbd7 13. Bg2 a6 14. a4 b5 15. axb5 axb5 16. Rxa8 Qxa8 17. Nxb5 Qb8 18. Nc3 c4 19. Qa4 Rc8 20. Qb5 Nc5 21. Qxb8 Rxb8 22. Rd1 Nd3 23. Bf1 Nxb2 24. Bxb2 Rxb2 25. Bxc4 Rc2 26. Rd3 Nd7 27. Nb5 Rxc4 28. Nxd6 Nc5 29. Re3 Rc1+ 30. Kg2 Be5 31. Nb5 Rb1 32. Na3 Rb4 33. f3 Rb2+ 34. Kf1 Bd4 35. Nc4 0-1

[Event "30th Klatovy A 2024"]
[Site "Klatovy CZE"]
[Date "2024.06.29"]
[Round "1.18"]
[White "Stein, Michael 2009"]
[Black "Simek, Vladimir"]
[Result "1-0"]
[WhiteElo "1965"]
[BlackElo "1805"]
[PlyCount "23"]
[EventDate "2024.06.29"]
[EventType "swiss"]
[EventRounds "9"]
[EventCountry "CZE"]

1. e4 e5 2. Nf3 Nc6 3. Bc4 Bc5 4. b4 Bxb4 5. c3 Ba5 6. d4 exd4 7. O-O Qf6 8. e5 Qf5 9. cxd4 Nge7 10. Ng5 d5 11. exd6 cxd6 12. Nxf7 1-0

[Event "30th Klatovy A 2024"]
[Site "Klatovy CZE"]
[Date "2024.06.29"]
[Round "1.19"]
[White "Kala, Jakub"]
[Black "Sadil, Antonin"]
[Result "1-0"]
[WhiteElo "1787"]
[BlackElo "1956"]
[PlyCount "97"]
[EventDate "2024.06.29"]
[EventType "swiss"]
[EventRounds "9"]
[EventCountry "CZE"]

1. Nf3 d5 2. c4 Nf6 3. cxd5 Nxd5 4. e4 Nb6 5. d4 g6 6. Nc3 Bg7 7. Be3 O-O 8. h3 c6 9. Be2 Be6 10. O-O Nc4 11. Ng5 Nxe3 12. fxe3 Bh6 13. Nxe6 Bxe3+ 14. Kh1 fxe6 15. Qb3 Nd7 16. Qxe6+ Kg7 17. Rxf8 Nxf8 18. Qe5+ Kh6 19. Rd1 Qd6 20. Qxd6 exd6 21. Rd3 Bg5 22. Bg4 Re8 23. Rf3 Kg7 24. Rd3 Ne6 25. Ne2 Bf6 26. Rb3 b6 27. Ra3 a5 28. d5 cxd5 29. exd5 Nc5 30. b4 Bb2 31. bxc5 Bxa3 32. c6 Re7 33. Bd7 Rxe2 34. c7 Re1+ 35. Kh2 Bb2 36. c8=Q Re2 37. a4 Be5+ 38. Kg1 Bd4+ 39. Kf1 Rf2+ 40. Ke1 Rxg2 41. Bg4 Bc5 42. Qd7+ Kh6 43. Qe7 Rg1+ 44. Ke2 Rg2+ 45. Kf3 Rf2+ 46. Kg3 Rf1 47. Bf3 Rg1+ 48. Bg2 Bb4 49. Qe3+ 1-0

[Event "30th Klatovy A 2024"]
[Site "Klatovy CZE"]
[Date "2024.06.29"]
[Round "1.20"]
[White "Strnad, Jakub"]
[Black "Feierfeil, Jiri"]
[Result "1-0"]
[WhiteElo "1942"]
[BlackElo "1717"]
[PlyCount "73"]
[EventDate "2024.06.29"]
[EventType "swiss"]
[EventRounds "9"]
[EventCountry "CZE"]

1. e4 c5 2. Nf3 d6 3. d4 cxd4 4. Nxd4 Nf6 5. Nc3 a6 6. Be2 e6 7. Be3 b5 8. a3 Bb7 9. Bf3 Be7 10. e5 Nd5 11. Nxd5 exd5 12. e6 O-O 13. exf7+ Rxf7 14. O-O Bf6 15. Ne6 Qe7 16. Bxd5 Bc6 17. c3 Qb7 18. Nf4 Bxd5 19. Nxd5 Bd8 20. Bf4 Qd7 21. Nb4 a5 22. Qd5 Ra7 23. Nc2 Be7 24. Rad1 Ra6 25. Rfe1 Qa7 26. Nd4 h6 27. Nxb5 Qd7 28. Bxd6 Nc6 29. a4 Bh4 30. g3 Bd8 31. Re6 Bb6 32. Bf4 Qxd5 33. Rxd5 Ne7 34. Rdd6 Nc8 35. Rc6 Rf8 36. c4 g5 37. Rg6+ 1-0

[Event "30th Klatovy A 2024"]
[Site "Klatovy CZE"]
[Date "2024.06.29"]
[Round "1.13"]
[White "Zrust, Lukas"]
[Black "Palek, Miroslav"]
[Result "0-1"]
[WhiteElo "1850"]
[BlackElo "2056"]
[PlyCount "98"]
[EventDate "2024.06.29"]
[EventType "swiss"]
[EventRounds "9"]
[EventCountry "CZE"]

1. e4 c5 2. Nf3 Nc6 3. d4 cxd4 4. Nxd4 Qb6 5. Nxc6 bxc6 6. Be2 Nf6 7. Nc3 e5 8. Qd3 d6 9. O-O Be6 10. a4 Be7 11. Be3 Qc7 12. b4 O-O 13. Rab1 d5 14. exd5 cxd5 15. Nb5 Qd7 16. Bxa7 Rxa7 17. Nxa7 Qxa7 18. Qa6 Qb8 19. Rfc1 Ne4 20. c3 Bc8 21. Qa5 Bb7 22. Rc2 Re8 23. b5 d4 24. c4 Nc3 25. Rxc3 dxc3 26. Qxc3 Bc5 27. a5 Bd4 28. Qa3 g6 29. Rc1 Qa7 30. a6 Bxf2+ 31. Kh1 Ba8 32. Qd6 Qe3 33. Qd1 Qg5 34. Bf1 Rd8 35. Qc2 Be4 36. Qc3 Be3 37. Ra1 Bd4 38. Qc1 Be3 39. Qe1 Rd2 40. Qg3 Qxg3 41. hxg3 Bd4 42. Rc1 Bc5 43. Ra1 Rd7 44. Be2 Ba8 45. Rb1 Rd6 46. Bf3 e4 47. Be2 f5 48. Kh2 g5 49. Rf1 Rh6+ 0-1

[Event "30th Klatovy A 2024"]
[Site "Klatovy CZE"]
[Date "2024.06.29"]
[Round "1.15"]
[White "Paldus, Jan"]
[Black "Velim, Vojtech"]
[Result "0-1"]
[WhiteElo "1828"]
[BlackElo "1979"]
[PlyCount "96"]
[EventDate "2024.06.29"]
[EventType "swiss"]
[EventRounds "9"]
[EventCountry "CZE"]

1. e4 c6 2. d4 d5 3. Nc3 dxe4 4. Nxe4 Bf5 5. Ng3 Bg6 6. h4 h6 7. Nf3 Nd7 8. Bd3 Bxd3 9. Qxd3 e6 10. Bd2 Ngf6 11. c4 Qc7 12. Bc3 O-O-O 13. O-O-O Bd6 14. Ne4 Nxe4 15. Qxe4 Nf6 16. Qe2 Rhe8 17. Ne5 c5 18. dxc5 Bxc5 19. g3 Qe7 20. Rd3 Rxd3 21. Nxd3 Bd6 22. Rd1 e5 23. Qd2 Bc7 24. Qe2 e4 25. Nb4 Be5 26. Bxe5 Qxe5 27. Nd5 Nd7 28. Ne3 Nc5 29. Rd5 Nd3+ 30. Kb1 Qf6 31. Nd1 Qe6 32. Nc3 f5 33. Nb5 Kb8 34. Nd6 Rd8 35. Rxd3 Rxd6 36. Rxd6 Qxd6 37. Kc2 Qd4 38. b3 Qa1 39. Qd2 Qxa2+ 40. Kc3 Qxd2+ 41. Kxd2 Kc7 42. Ke3 Kd6 43. Kd4 h5 44. c5+ Kc6 45. b4 b6 46. cxb6 axb6 47. Kc4 b5+ 48. Kd4 Kd6 0-1

[Event "30th Klatovy A 2024"]
[Site "Klatovy CZE"]
[Date "2024.06.30"]
[Round "2.1"]
[White "Straka, Vojtech"]
[Black "Andrle, Filip"]
[Result "1-0"]
[WhiteElo "2436"]
[BlackElo "2036"]
[PlyCount "49"]
[EventDate "2024.06.29"]
[EventType "swiss"]
[EventRounds "9"]
[EventCountry "CZE"]

1. d4 {[%emt 0:00:05]} Nf6 {[%emt 0:00:23]} 2. c4 {[%emt 0:00:46]} e6 {[%emt 0:00:10]} 3. Nc3 {[%emt 0:02:50]} Bb4 {[%emt 0:00:15]} 4. e3 {[%emt 0:02:25]} O-O {[%emt 0:02:00]} 5. Bd3 {[%emt 0:01:10]} d5 {[%emt 0:02:00]} 6. Nf3 {[%emt 0:04:33]} dxc4 {[%emt 0:01:13]} 7. Bxc4 {[%emt 0:00:02]} c5 {[%emt 0:00:21]} 8. O-O {[%emt 0:00:58]} cxd4 {[%emt 0:02:03]} 9. exd4 {[%emt 0:10:02]} Nc6 {[%emt 0:16:46]} 10. a3 {[%emt 0:01:08]} Be7 {[%emt 0:03:46]} 11. Bg5 {[%emt 0:06:43]} h6 {[%emt 0:04:51]} 12. Bh4 {[%emt 0:02:26]} a6 {[%emt 0:05:00]} 13. Qd3 {[%emt 0:05:07]} b5 {[%emt 0:04:19]} 14. Bb3 {[%emt 0:00:35]} b4 {[%emt 0:05:17]} 15. Bc2 {[%emt 0:03:58]} g6 {[%emt 0:04:55]} 16. Ne2 {[%emt 0:05:24]} a5 {[%emt 0:03:26]} 17. Rfe1 {[%emt 0:06:06]} Ba6 {[%emt 0:04:50]} 18. Qd2 {[%emt 0:00:36]} Kg7 {[%emt 0:00:48]} 19. Nf4 {[%emt 0:08:54]} Bc4 {[%emt 0:03:52]} 20. Bxg6 {[%emt 0:03:35]} fxg6 {[%emt 0:00:55]} 21. Qc2 {[%emt 0:00:14]} Bd5 {[%emt 0:01:51]} 22. Qxg6+ {[%emt 0:00:36]} Kh8 {[%emt 0:00:10]} 23. Qxh6+ {[%emt 0:00:54]} Kg8 {[%emt 0:00:07]} 24. Ng5 {[%emt 0:01:39]} Qe8 {[%emt 0:00:48]} 25. Ng6 {[%emt 0:00:18]} 1-0